000 01275nam a22003977a 4500
001 BR7406652
003 BR-BrBNA
005 20230928084650.0
007 ta
008 230509b bl.||||| |||| 00| 0 por d
040 _aBR-BrBNA
_bpor
_cBiblioteca Nacional de Agricultura
041 _a(Por)
072 _aF00; L00; E15
_b/G514
090 _ F00 BR7406652
100 1 _aStein, R.
100 1 _aArnizant, P.
100 1 _aAlmeida, A.P.
100 1 _aPoli, J.L.E.H.
100 1 _aSilveira, E.
100 1 _aMagrisso, I.
100 1 _aOliveira, M. de
100 1 _aBorges, P.V.
100 1 _aBins, C.F.
100 1 _aSchuch, C.A., Silva, M.J. da S. e
110 1 _aSecretaria da Agricultura, Porto Alegre, RS (Brasil). Unidade de Economia Agricola
_98500
245 1 _aSugestoes para o Plano Estadual para aplicacao de Credito Rural - PESAC 1974/75 [Rio Grande do Sul, Brasil]
260 3 _aPorto Alegre, RS (Brasil):
_c1974.
300 _a16 p.
500 _a(*) Documento disponível no(a) Comissao Estadual de Planejamento Agricola, Porto Alegre, RS (Brazil)
650 _aPRODUCAO VEGETAL
650 _aPRODUCAO ANIMAL
650 _aCREDITO AGRICOLA
650 _aRIO GRANDE DO SUL
909 _a202309
_bLucia
_c55
_dLucia Elande
942 _cBK
999 _c20360
_d20360